00421pam a2200169a 44500008004100000020002800041082001300069100001400082245003800096260003200134300001000166700001400176700001800190700001300208906001100221999001900232230405s2011 xxu||||| |||| 00| 0 eng d a9789350252123cRs. 1821 a617bBEH aBehera, D aText book of Respiratory Medicine aNew DelhibJaypee Pubc2011 a979 p aGupta, KB aGopal, Bharat aGaur, SN a000353 c249093d249093